[Event "AUTO-ADV-4343"]
[Site "http://www.queenalice.com/game.php?id=1621448"]
[Date "2020.7.24"]
[Round "2"]
[White "pgrzelak"]
[Black "sofia"]
[Result "1-0"]
[WhiteElo "2013"]
[BlackElo "1671"]

1. d4 d5 2. Nf3 Bf5 3. Nc3 Nc6 4. e3 Nb4 5. Bd3 Nxd3+ 6. cxd3 f6 7. e4 dxe4 8.
dxe4 Bg4 9. h3 Bh5 10. Qd3 e5 11. O-O exd4 12. Qb5+ c6 13. Qxh5+ g6 14. Qh4 dxc3
15. bxc3 Bd6 16. Bb2 h6 17. c4 c5 18. e5 fxe5 19. Qxd8+ Rxd8 20. Nxe5 Ne7 21.
Nc6 Nxc6 22. Bxh8 Nb4 23. Rab1 1-0

[Event "Challenge"]
[Site "http://www.queenalice.com/game.php?id=1623019"]
[Date "2020.8.7"]
[Round "-"]
[White "pgrzelak"]
[Black "DavidKR"]
[Result "1-0"]
[WhiteElo "1970"]
[BlackElo "1925"]

1. d4 d5 2. Nf3 Nf6 3. Nc3 Nc6 4. a3 a6 5. Ne5 Na5 6. e3 e6 7. Bd2 b6 8. b4 Nb7
9. Bd3 b5 10. O-O Bd6 11. e4 O-O 12. Bg5 Be7 13. Nc6 Qd7 14. Nxe7+ Kh8 15. e5
Ng8 16. Qh5 g6 17. Qh4 Nxe7 18. Bf6+ Kg8 19. Qh6 Nf5 20. Bxf5 exf5 21. Qg7# 1-0

[Event "AUTO-ADV-4188"]
[Site "http://www.queenalice.com/game.php?id=1624541"]
[Date "2020.8.22"]
[Round "2"]
[White "pgrzelak"]
[Black "Mistakesrme"]
[Result "0-1"]
[WhiteElo "1996"]
[BlackElo "2250"]

1. d4 e6 2. e4 d5 3. e5 c5 4. c3 Qb6 5. Nf3 Nc6 6. Be2 cxd4 7. cxd4 Nh6 8. h3
Nf5 9. b3 Nfxd4 10. O-O Nxe2+ 11. Qxe2 Be7 12. Nc3 O-O 13. Be3 Qd8 14. Rad1 a6
15. Ne4 Qc7 16. Ng3 Bd7 17. Rc1 Qa5 18. Nd4 Nxd4 19. Bxd4 Bb5 20. Qd1 Bxf1 21.
Qxf1 Rac8 22. a4 Qb4 23. Rb1 Qxd4 0-1

[Event "AUTO-ADV-4188"]
[Site "http://www.queenalice.com/game.php?id=1624542"]
[Date "2020.8.22"]
[Round "2"]
[White "Mistakesrme"]
[Black "pgrzelak"]
[Result "1-0"]
[WhiteElo "2250"]
[BlackElo "2026"]

1. c4 e5 2. g3 Nc6 3. Bg2 Nf6 4. Nf3 h6 5. O-O Bc5 6. e3 O-O 7. Nc3 e4 8. Nh4 d5
9. cxd5 Nxd5 10. Nxe4 Be7 11. Nf3 Bg4 12. h3 Bf5 13. Nc3 Ncb4 14. Nd4 Bd3 15.
Nxd5 Bxf1 16. Nxe7+ Qxe7 17. Bxf1 Nd5 18. Bg2 Qd7 19. a3 c6 20. b4 Rac8 21. Bb2
Qd6 22. Nf3 Nf6 23. d4 Rfe8 24. Ne5 Nd7 25. Nxd7 Qxd7 26. Qc2 Qd6 27. Rd1 Qe6
28. Kh2 Re7 29. Qc3 Qf6 30. Qd2 Qe6 31. h4 g5 32. Bh3 g4 33. Bg2 h5 34. Qc3 Qf6
35. Qc5 Rce8 36. Rd2 Qg6 37. b5 b6 38. Qxc6 Qxc6 39. bxc6 Rc7 40. d5 Rd8 41. d6
Rcc8 42. Bf6 1-0

[Event "AUTO-ADV-4188"]
[Site "http://www.queenalice.com/game.php?id=1624543"]
[Date "2020.8.22"]
[Round "2"]
[White "pgrzelak"]
[Black "mvson33"]
[Result "1-0"]
[WhiteElo "1991"]
[BlackElo "1721"]

1. d4 Nf6 2. Nc3 d5 3. Nf3 g6 4. e3 Bg7 5. g3 O-O 6. Bg2 c6 7. O-O Bg4 8. Ne2
Nbd7 9. Nd2 e5 10. Qe1 exd4 11. Nxd4 c5 12. N4b3 b6 13. Nf3 Rc8 14. Nbd2 Qc7 15.
c4 dxc4 16. Nxc4 Rfe8 17. h3 Be6 18. Nfd2 Ne5 19. Nxe5 Qxe5 20. Nf3 Qc7 21. Bd2
Rcd8 22. Bc3 Bc4 23. Be5 Qe7 24. Bf4 Bxf1 25. Bxf1 Ne4 26. Rb1 Rd7 27. Bb5 Red8
28. Bxd7 Rxd7 29. Kg2 Qe6 30. Rd1 Rxd1 31. Qxd1 Qxa2 32. Qd8+ 1-0

[Event "AUTO-ADV-4188"]
[Site "http://www.queenalice.com/game.php?id=1624544"]
[Date "2020.8.22"]
[Round "2"]
[White "mvson33"]
[Black "pgrzelak"]
[Result "0-1"]
[WhiteElo "1710"]
[BlackElo "1984"]

1. Nf3 d5 2. d4 Nc6 3. Bf4 e6 4. e3 Bd6 5. Bxd6 cxd6 6. Be2 Nf6 7. O-O e5 8.
dxe5 dxe5 9. Nc3 O-O 10. Bb5 e4 11. Nd2 Bd7 12. Qe2 a6 13. Ba4 b5 14. Bb3 Be6
15. Rad1 Bg4 16. f3 exf3 17. Nxf3 Be6 18. Qd2 Qb6 19. Nxd5 Nxd5 0-1

[Event "AUTO-ADV-4400"]
[Site "http://www.queenalice.com/game.php?id=1627120"]
[Date "2020.9.16"]
[Round "1"]
[White "mvson33"]
[Black "pgrzelak"]
[Result "1/2-1/2"]
[WhiteElo "1872"]
[BlackElo "2019"]

1. e4 e5 2. Nf3 Nc6 3. Bb5 a6 4. Ba4 Be7 5. O-O Bf6 6. Nc3 Nge7 7. d3 h6 8. Be3
d6 9. Nd2 b5 10. Bb3 Ng6 11. Nf3 O-O 12. Nd5 Bb7 13. Qe2 a5 14. a3 a4 15. Ba2
Nd4 16. Nxd4 exd4 17. Nxf6+ Qxf6 18. Bd2 c5 19. f4 Qe7 20. Qg4 Bc8 21. f5 Ne5
22. Qg3 Qf6 23. Bd5 Rb8 24. Rf2 Bb7 25. Bxb7 Rxb7 26. Raf1 c4 27. Rf4 Qg5 28.
Qxg5 hxg5 29. R4f2 cxd3 30. cxd3 Nxd3 31. Re2 Nxb2 32. Bxg5 Nc4 33. Rf3 Ne5 34.
Rff2 f6 35. Bh4 d3 36. Rd2 b4 37. axb4 Rxb4 38. Bg3 Rxe4 39. Bxe5 Re1+ 40. Rf1
Rxf1+ 41. Kxf1 dxe5 42. Rxd3 Ra8 43. Ra3 Kh7 44. h4 Ra5 45. g4 e4 46. Ke2 g6 47.
fxg6+ Kxg6 48. Ke3 f5 49. gxf5+ Kxf5 50. h5 Kg5 51. Kxe4 Kxh5 52. Kd4 Rg5 53.
Kc4 Rg4+ 54. Kb5 Kh4 55. Rxa4 Rxa4 56. Kxa4 Kh5 1/2-1/2

[Event "AUTO-ADV-4400"]
[Site "http://www.queenalice.com/game.php?id=1627121"]
[Date "2020.9.16"]
[Round "1"]
[White "pgrzelak"]
[Black "mvson33"]
[Result "1-0"]
[WhiteElo "1996"]
[BlackElo "1777"]

1. d4 Nf6 2. Nc3 d5 3. Nf3 b6 4. g3 Bb7 5. Bg2 Nbd7 6. O-O e6 7. Bg5 Be7 8. Re1
O-O 9. Ne5 c5 10. Nxd7 Qxd7 11. e3 cxd4 12. Qxd4 Rac8 13. a3 Rc4 14. Qd2 Rd8 15.
b3 Rc6 16. Nb5 Ba6 17. c4 dxc4 18. Qxd7 1-0

[Event "AUTO-ADV-4400"]
[Site "http://www.queenalice.com/game.php?id=1627134"]
[Date "2020.9.16"]
[Round "1"]
[White "nmsouza"]
[Black "pgrzelak"]
[Result "0-1"]
[WhiteElo "1471"]
[BlackElo "2012"]

1. e4 e5 2. Nf3 Nc6 3. d4 exd4 4. Nxd4 Nxd4 5. Qxd4 Ne7 6. Bc4 d5 7. exd5 Nf5 8.
Qe4+ Qe7 9. Qxe7+ Bxe7 10. O-O O-O 11. Bf4 Bf6 12. c3 Bd7 13. Bxc7 Rac8 14. d6
Be5 15. Rd1 Rfe8 16. Na3 a6 17. Rd5 b5 18. Bd3 g6 19. h3 Ng7 20. Re1 Bh2+ 21.
Kf1 Rxe1+ 22. Kxe1 Bf4 23. Nb1 Ne8 24. Nd2 Bxd2+ 25. Kxd2 Nxc7 26. Rc5 Ne8 0-1

[Event "AUTO-ADV-4400"]
[Site "http://www.queenalice.com/game.php?id=1627135"]
[Date "2020.9.16"]
[Round "1"]
[White "pgrzelak"]
[Black "nmsouza"]
[Result "1-0"]
[WhiteElo "2003"]
[BlackElo "1508"]

1. d4 d5 2. Nf3 Nc6 3. g3 Bg4 4. Bg2 Nf6 5. Nc3 g6 6. a3 Bg7 7. Be3 O-O 8. O-O
Re8 9. Ne5 Nxe5 10. dxe5 Nd7 11. Qxd5 c6 12. Qe4 Nxe5 13. Rad1 Qa5 14. Bd4 Rad8
15. Bxe5 Bf5 16. Qe3 Qxe5 17. Qxa7 Bxc2 18. Rxd8 1-0

[Event "AUTO-ADV-4400"]
[Site "http://www.queenalice.com/game.php?id=1627142"]
[Date "2020.9.16"]
[Round "1"]
[White "fabricioprado"]
[Black "pgrzelak"]
[Result "0-1"]
[WhiteElo "1751"]
[BlackElo "1990"]

1. e4 e5 2. Nf3 Nc6 3. Bc4 h6 4. O-O Be7 5. d4 exd4 6. Nxd4 Nxd4 7. Qxd4 Bf6 8.
e5 Bg5 9. Bxg5 Qxg5 10. e6 dxe6 11. Nc3 a6 12. Rfe1 Ne7 13. Re5 Qf6 14. Rd1 Nc6
15. Rxe6+ Bxe6 16. Bxe6 Nxd4 0-1

[Event "AUTO-ADV-4400"]
[Site "http://www.queenalice.com/game.php?id=1627143"]
[Date "2020.9.16"]
[Round "1"]
[White "pgrzelak"]
[Black "fabricioprado"]
[Result "1-0"]
[WhiteElo "2005"]
[BlackElo "1776"]

1. d4 d5 2. Nf3 Nf6 3. Nc3 Bf5 4. e3 e6 5. a3 Be7 6. Bd3 Bxd3 7. Qxd3 Nc6 8. h3
O-O 9. Ne5 a6 10. Nxc6 bxc6 11. Ne2 Ne4 12. f3 Bh4+ 13. g3 Nxg3 14. Nxg3 Bxg3+
15. Ke2 Bd6 16. Bd2 f5 17. Rhg1 Kh8 18. Rg2 Qf6 19. Rag1 Rf7 20. Qb3 Qd8 21. Bb4
Bxb4 22. Qxb4 Rb8 23. Qc3 Rb6 24. b4 Qb8 25. Qe1 a5 26. c3 axb4 27. cxb4 Qa7 28.
Qh4 Rb8 29. Ra1 Rxb4 30. Qd8+ 1-0

[Event "Challenge"]
[Site "http://www.queenalice.com/game.php?id=1627562"]
[Date "2020.9.20"]
[Round "-"]
[White "DavidKR"]
[Black "pgrzelak"]
[Result "0-1"]
[WhiteElo "1911"]
[BlackElo "2014"]

1. e4 e5 2. Nf3 Nc6 3. Bc4 Be7 4. a3 Nf6 5. d3 h6 6. Be3 d5 7. exd5 Nxd5 8. Bd2
Bg4 9. Qe2 O-O 10. Nc3 Nd4 11. Qd1 Nxf3+ 12. gxf3 Be6 13. Nxd5 Bxd5 14. Bxd5
Qxd5 15. Qe2 Rfe8 16. f4 Qxh1+ 17. Qf1 Qxf1+ 18. Kxf1 Bf6 19. Be3 exf4 20. Bxf4
Bxb2 21. Rb1 Bxa3 22. Rxb7 Bd6 23. Be3 Bxh2 24. Rb4 a5 25. Rg4 g5 26. Ra4 Bd6
27. c3 Reb8 28. Kg2 Rb3 29. Bd2 Ra3 30. Re4 a4 31. Re3 Bf4 32. Bc1 Rxc3 33. Bd2
Bxe3 34. Bxc3 Bf4 35. d4 a3 36. Kf3 a2 0-1

[Event "Challenge"]
[Site "http://www.queenalice.com/game.php?id=1629364"]
[Date "2020.10.9"]
[Round "-"]
[White "pgrzelak"]
[Black "DavidKR"]
[Result "1-0"]
[WhiteElo "2004"]
[BlackElo "1899"]

1. d4 d5 2. Nf3 Nf6 3. e3 a6 4. Nc3 e6 5. a3 Bd6 6. g3 c5 7. dxc5 Bxc5 8. Bg2
O-O 9. O-O b5 10. b4 Bd6 11. Bb2 Nbd7 12. e4 Ne5 13. exd5 Nfg4 14. dxe6 Bxe6 15.
Nxe5 Nxh2 16. Kxh2 Rc8 17. Nf3 Bg4 18. Qd3 Qf6 19. Rab1 Rcd8 20. Nd5 Qe6 21. Qd4
f6 22. Kg1 Bh3 23. Qh4 Bxg2 24. Nxf6+ gxf6 25. Kxg2 Rf7 26. Rfe1 Qf5 27. Rbd1
Be7 28. Rxd8+ Bxd8 29. Re8+ Rf8 30. Rxf8+ Kxf8 31. Qd4 Be7 32. Qb6 Qxc2 33. Bxf6
Qe4 34. Qxa6 Kf7 35. Bxe7 Qxe7 36. Qxb5 Kg6 37. Qg5+ Qxg5 38. Nxg5 Kxg5 39. b5
1-0

[Event "AUTO-MASTER-2999"]
[Site "http://www.queenalice.com/game.php?id=1629918"]
[Date "2020.10.15"]
[Round "1"]
[White "Bruscato"]
[Black "pgrzelak"]
[Result "1-0"]
[WhiteElo "2269"]
[BlackElo "2016"]

1. e4 e5 2. f4 d6 3. Nf3 Nc6 4. Bc4 h6 5. O-O Be7 6. fxe5 Nxe5 7. Nxe5 dxe5 8.
Bxf7+ Kd7 9. Qg4+ Kd6 10. Qxg7 Nf6 11. d3 Be6 12. Nc3 c6 13. Bxh6 Bxf7 14. Qxf7
Rxh6 15. Ne2 Qh8 16. Ng3 Rf8 17. Nf5+ Kc7 18. Qxe7+ Kb6 19. Nd6 Rh7 20. Qxe5 Nd7
21. Nc4+ Ka6 22. Qa5# 1-0

[Event "AUTO-MASTER-2999"]
[Site "http://www.queenalice.com/game.php?id=1629919"]
[Date "2020.10.15"]
[Round "1"]
[White "pgrzelak"]
[Black "Bruscato"]
[Result "0-1"]
[WhiteElo "2010"]
[BlackElo "2339"]

1. d4 c5 2. c3 cxd4 3. cxd4 d5 4. Nf3 Nc6 5. g3 Bg4 6. Bg2 Nf6 7. O-O e6 8. a3
Be7 9. Nbd2 O-O 10. Nb3 Rc8 11. Bf4 Re8 12. Qd3 Bf5 13. Qd2 a6 14. Ne5 Nxe5 15.
Bxe5 Nd7 16. Qe3 Qb6 17. Rac1 Nxe5 18. dxe5 Qxe3 19. fxe3 g6 20. Nd4 Bg5 21. Rc3
Rxc3 22. bxc3 Bxe3+ 23. Kh1 Bxd4 24. cxd4 Rc8 25. h3 Rc2 26. g4 Be4 27. Bxe4
dxe4 28. Rb1 b5 29. Rb3 Rxe2 30. Kg1 Rd2 31. Rb4 Ra2 32. Rb3 Kf8 33. Re3 Ke7 34.
Rxe4 Rxa3 35. Kg2 b4 36. Re2 b3 37. Rb2 Ra2 0-1

[Event "AUTO-MASTER-2999"]
[Site "http://www.queenalice.com/game.php?id=1629934"]
[Date "2020.10.15"]
[Round "1"]
[White "pgrzelak"]
[Black "simonjscott"]
[Result "0-1"]
[WhiteElo "2010"]
[BlackElo "2271"]

1. d4 Nf6 2. d5 e6 3. Nc3 Bb4 4. Bd2 exd5 5. e3 O-O 6. Bd3 d6 7. Nge2 Bg4 8. h3
Bh5 9. a3 Bxc3 10. Bxc3 Nc6 11. Qd2 Ne5 12. Nf4 c6 13. Nxh5 Nxh5 14. Qe2 Nf6 15.
O-O-O Re8 16. f4 Nxd3+ 17. Qxd3 Ne4 18. Rhf1 Qe7 19. Rf3 Rad8 20. Qd4 f6 21.
Qxa7 Nxc3 22. bxc3 Ra8 23. Qd4 Rxa3 24. Kd2 Rea8 25. Rff1 R8a4 26. Qd3 Rc4 27.
Ra1 Raxc3 28. Qxc3 Rxc3 29. Kxc3 Qxe3+ 30. Kb2 Qd4+ 31. Kb3 Qc4+ 32. Kb2 Kf7 33.
g3 d4 34. Rfd1 Qc3+ 35. Kb1 Qxg3 36. Rxd4 Qg1+ 0-1

[Event "AUTO-MASTER-2999"]
[Site "http://www.queenalice.com/game.php?id=1629935"]
[Date "2020.10.15"]
[Round "1"]
[White "simonjscott"]
[Black "pgrzelak"]
[Result "1-0"]
[WhiteElo "2285"]
[BlackElo "2015"]

1. e4 e5 2. Nf3 Nc6 3. d4 exd4 4. Bc4 h6 5. Nxd4 Ne5 6. Bb3 d6 7. O-O Be7 8. f4
Ng6 9. Nc3 Bd7 10. e5 dxe5 11. fxe5 Bc5 12. Bxf7+ Ke7 13. Nd5+ Kf8 14. Bxg6+ Nf6
15. exf6 gxf6 16. Be3 Be7 17. Nxe7 Qxe7 18. Qf3 Kg7 19. Bf5 Bxf5 20. Nxf5+ 1-0

[Event "AUTO-MASTER-2999"]
[Site "http://www.queenalice.com/game.php?id=1629936"]
[Date "2020.10.15"]
[Round "1"]
[White "pgrzelak"]
[Black "BeatifulDevil56"]
[Result "0-1"]
[WhiteElo "1990"]
[BlackElo "1939"]

1. d4 d5 2. Nf3 Nf6 3. Ne5 Nbd7 4. Nxd7 Bxd7 5. Nc3 e6 6. a3 Bd6 7. g3 c5 8. e3
c4 9. Bg2 b5 10. O-O b4 11. axb4 Bxb4 12. Bd2 O-O 13. b3 Bxc3 14. Bxc3 cxb3 15.
cxb3 Bb5 16. Re1 a6 17. Bb4 Re8 18. Bf1 Bxf1 19. Rxf1 Qb6 20. Bc5 Qb5 21. b4 Ne4
22. Ra5 Qc4 23. Kg2 Rec8 24. Qa4 Nxc5 25. bxc5 Qxa4 26. Rxa4 a5 27. Rb1 Rc6 28.
Rb5 Rca6 29. Rb6 Rxb6 30. cxb6 g6 31. b7 Rb8 32. Rxa5 Rxb7 33. Ra2 Kg7 34. Kf3
Kf6 35. Kf4 Rb1 36. h4 h6 37. f3 g5+ 38. Kg4 Rb4 39. f4 gxf4 40. gxf4 Kg6 41.
h5+ Kg7 42. Rg2 Kf6 43. Kf3 Rb1 44. Kg4 Rh1 45. Rg3 Kg7 46. f5 Kf6 47. fxe6 Kxe6
48. Rh3 Rxh3 49. Kxh3 Kf5 50. Kg3 Ke4 51. Kf2 f5 52. Ke2 f4 53. exf4 Kxf4 54.
Kd3 Kf3 0-1

[Event "AUTO-MASTER-2999"]
[Site "http://www.queenalice.com/game.php?id=1629937"]
[Date "2020.10.15"]
[Round "1"]
[White "BeatifulDevil56"]
[Black "pgrzelak"]
[Result "1-0"]
[WhiteElo "1901"]
[BlackElo "2010"]

1. e4 e5 2. Nc3 Nf6 3. d3 h6 4. f4 Bb4 5. Ne2 exf4 6. Bxf4 Nc6 7. Qd2 d5 8. a3
Ba5 9. b4 Bb6 10. exd5 Nxd5 11. Nxd5 Qxd5 12. c4 Qe6 13. c5 Qf6 14. Rc1 Bxc5 15.
Rxc5 O-O 16. Qc3 Qe7 17. b5 b6 18. Rc4 Na5 19. Re4 Qd7 20. a4 Bb7 21. Rd4 Qe6
22. Qxc7 Rac8 23. Qe5 Rfe8 24. Qxe6 Rxe6 25. Kd1 Nb3 26. Rd7 Nc5 27. Rd4 a6 28.
Rg1 axb5 29. axb5 Rce8 30. Nc3 Re1+ 31. Kc2 Ne6 32. Ra4 Nxf4 33. Rxf4 Rc8 34.
Kd2 Ra1 35. Ra4 Rxa4 36. Nxa4 Rb8 37. Be2 Bd5 38. g3 Bb3 39. Nc3 Ra8 40. Bf3 Ra7
41. Re1 g5 42. Re8+ Kg7 43. Rb8 Ba4 44. Rxb6 Bb3 45. Ra6 Re7 46. Rd6 Re8 47. b6
Rb8 48. b7 Be6 49. Ra6 1-0

[Event "AUTO-ADV-4400"]
[Site "http://www.queenalice.com/game.php?id=1639772"]
[Date "2021.1.13"]
[Round "2"]
[White "Pin"]
[Black "pgrzelak"]
[Result "1-0"]
[WhiteElo "2051"]
[BlackElo "1972"]

1. e4 e5 2. Nf3 Nc6 3. Bb5 a6 4. Ba4 h6 5. c3 d6 6. O-O Bd7 7. d3 Be7 8. Be3 Nf6
9. Nbd2 d5 10. Bc2 dxe4 11. dxe4 Bg4 12. Qe2 O-O 13. Rad1 Bd6 14. Nc4 Qe7 15.
Nxd6 cxd6 16. h3 Bh5 17. Bc1 Rad8 18. g4 Bg6 19. Nh4 Bxe4 20. Bxe4 Nxe4 21. Nf5
Qf6 22. Qxe4 Rfe8 23. h4 g5 24. Kg2 Ne7 25. Nxe7+ Rxe7 26. hxg5 hxg5 27. Rh1 Qg7
28. Rh5 f6 29. Rdh1 d5 30. Qf5 1-0

[Event "AUTO-ADV-4400"]
[Site "http://www.queenalice.com/game.php?id=1639773"]
[Date "2021.1.13"]
[Round "2"]
[White "pgrzelak"]
[Black "Pin"]
[Result "1/2-1/2"]
[WhiteElo "1959"]
[BlackElo "2041"]

1. d4 Nf6 2. Nc3 d5 3. e3 g6 4. Nf3 Bg7 5. Be2 O-O 6. h3 c5 7. b3 Nc6 8. Bb2 Re8
9. Bb5 a6 10. Be2 cxd4 11. Nxd4 e5 12. Nf3 Bf5 13. Qd2 Nb4 14. O-O Nxc2 15. Rac1
d4 16. exd4 e4 17. Nh4 e3 18. fxe3 Nxe3 19. Rf3 Nfd5 20. Nxd5 Nxd5 21. Nxf5 gxf5
22. Rxf5 Ne3 23. Rf3 Nd5 24. Rg3 Kh8 25. Bc4 b5 26. Bxd5 Qxd5 27. Qg5 Qxg5 28.
Rxg5 Rad8 29. Rg4 Re2 30. Ba1 Rxa2 31. Kh2 Rd2 32. d5 Bxa1 33. Rxa1 Rd6 34. Re1
Rd8 35. Re7 R2xd5 36. Rxf7 R5d7 37. Rf6 Rd6 38. Rf2 Rg8 39. Rgf4 Rgd8 40. Ra2
Kg7 41. Rf3 Kg6 42. b4 Re8 43. Rfa3 Ree6 44. Rg3+ 1/2-1/2

[Event "AUTO-ADV-4400"]
[Site "http://www.queenalice.com/game.php?id=1639776"]
[Date "2021.1.13"]
[Round "2"]
[White "pgrzelak"]
[Black "madriles"]
[Result "1-0"]
[WhiteElo "1976"]
[BlackElo "1923"]

1. d4 Nf6 2. Nc3 g6 3. e3 d5 4. h3 Bg7 5. Be2 e6 6. Nf3 O-O 7. b3 Nbd7 8. Ba3
Re8 9. O-O c6 10. Bd3 e5 11. dxe5 Nxe5 12. Nxe5 Rxe5 13. Bb2 Re7 14. Ne2 Qe8 15.
c4 Ne4 16. Bxg7 Kxg7 17. cxd5 cxd5 18. Qc2 Bd7 19. Qb2+ Kg8 20. Nf4 Bc6 21. a4
a6 22. Rac1 Rd8 23. Ne2 b5 24. axb5 Bxb5 25. Bxb5 Qxb5 26. Nd4 Qd3 27. Nc6 Red7
28. Nxd8 Rxd8 29. Rfd1 Qb5 30. Rc4 Rb8 31. Ra4 Rc8 32. Rc1 Rxc1+ 33. Qxc1 Nc5
34. Ra3 Nxb3 35. Qc8+ Kg7 36. Qc3+ d4 37. exd4 Nxd4 38. Qxd4+ f6 39. Qa7+ Kh6
40. Qxa6 1-0

[Event "AUTO-ADV-4400"]
[Site "http://www.queenalice.com/game.php?id=1639777"]
[Date "2021.1.13"]
[Round "2"]
[White "madriles"]
[Black "pgrzelak"]
[Result "0-1"]
[WhiteElo "1910"]
[BlackElo "1962"]

1. c4 e5 2. g3 Nc6 3. Bg2 Bc5 4. Nc3 Nf6 5. a3 d6 6. b4 Bd4 7. Bb2 Be6 8. d3 Bg4
9. h3 Bh5 10. g4 Bg6 11. Nf3 e4 12. Nd2 d5 13. O-O O-O 14. dxe4 dxe4 15. e3 Be5
16. Rb1 Bd6 17. Ncxe4 Nxe4 18. Bxe4 Bxe4 19. Nxe4 Be5 20. Bxe5 Nxe5 21. Qc2 Qh4
22. Kg2 Rfe8 23. f4 Nd7 24. Ng5 Rxe3 25. Qf5 Re2+ 26. Kg1 Qg3+ 0-1